Normal view
MARC view
- PLESHA, WITTE ROBERT J
Entry Personal Name
001 - CONTROL NUMBER
- control field: 86076
003 - CONTROL NUMBER IDENTIFIER
- control field: NUST
005 - DATE AND TIME OF LATEST TRANSACTION
- control field: 20211208125028.0
008 - FIXED-LENGTH DATA ELEMENTS
- fixed length control field: 211208|| aca||aabn | a|a d
040 ## - CATALOGING SOURCE
- Original cataloging agency: NUST
- Transcribing agency: NUST
100 ## - HEADING--PERSONAL NAME
- Personal name: PLESHA, WITTE ROBERT J
670 ## - SOURCE DATA FOUND
- Source citation: Work cat.: (NUST): PLESHA, WITTE ROBERT J., CONCEPTS APPLICATIONS OF FINITE ALEMENT /, 1974.
